000 00624nam a2200193 a 4500
005 20140311163032.0
008 100315s19uu xx 00 eng d
020 _a9789715846752
050 _aRJ 401
_b.In61 2008
245 _aIntegrated management of childhood illness (IMCI) :
_bresource manual and workbook /
260 _aQuezon City :
_bC & E Publishing, Inc.
_c2008.
300 _a282 p. :
_bill. ;
_c28 cm.
521 _aNUR
650 _aChildren
_xDiseases
_xdeveloping countries.
650 _aChildren
_xHealth and hygiene.
650 _aDiseases
_xinfant
_xchildhood.
942 _cBK
_2lcc
_kFOR
999 _c39637
_d39637